LEADER 00927nam0-2200313---450- 001 990010002450403321 005 20151013103440.0 010 $a978-88-575-1827-5 035 $a001000245 035 $aFED01001000245 035 $a(Aleph)001000245FED01 035 $a001000245 100 $a20151001d2014----km-y0itay50------ba 101 0 $aita 102 $aIT 105 $aa-------001yy 200 1 $aZagreus$estudi intorno all'orfismo$fVittorio Macchioro$ga cura di Christian Pugliese 210 $aMilano$cMimesis$d2014$aUdine 215 $aXLI, 712 p.$cill.$d21 cm 225 1 $aMimesis. Abraxas$v15$fcollana diretta da Claudio Bonvecchio ed Elio Jucci 610 0 $aOrfismo$aStudi 676 $a292.9$v22$zita 700 1$aMacchioro$bVittorio 801 0$aIT$bUNINA$gRICA$2UNIMARC 901 $aBK 912 $a990010002450403321 952 $a292.9 MAC 2$bBIBL.2015/497$fFLFBC 959 $aFLFBC 997 $aUNINA LEADER 01297nam--2200397---450- 001 990000957650203316 005 20050803145622.0 010 $a92-826-9581-6 035 $a0095765 035 $aUSA010095765 035 $a(ALEPH)000095765USA01 035 $a0095765 100 $a20020212d1996----km-y0itay0103----ba 101 $afre 102 $aLU 105 $a||||||||001yy 200 1 $a<> bases de donnèes de l'Union européenne$eun repertoire des produits et des services d'information electroniques 210 $aLuxembourg$cOffice des publications officielles des Communautés européennes$d1996 215 $aVIII, 85 p$d25 cm$eerr. corr. 410 $12001 676 $a341.2422 699 $aCDE 19.01$bInformazione 710 02$aUnione europea$0361259 801 0$aIT$bsalbc$gISBD 912 $a990000957650203316 951 $aCDE 19.01 (XX)$bCDE 530$cCDE 19.01$d00148762 959 $aBK 969 $aCDE 979 $aPATTY$b90$c20020212$lUSA01$h1628 979 $c20020403$lUSA01$h1738 979 $aPATRY$b90$c20040406$lUSA01$h1706 979 $aCDE$b90$c20050803$lUSA01$h1456 979 $aPATRY$b90$c20060718$lUSA01$h1617 979 $aCHIARA$b90$c20101001$lUSA01$h1053 996 $aBases de donnèes de l'Union européenne$9973460 997 $aUNISA LEADER 01215nam0-22003251i-450 001 990007383490403321 005 20221004124538.0 010 $a3-428-09781-5 035 $a000738349 035 $aFED01000738349 035 $a(Aleph)000738349FED01 100 $a20030114d2000----km-y0itay50------ba 101 0 $ager 102 $aDE 105 $ay---m---001yy 200 1 $aWahrnehmung von Aufgaben im Bereich der Gefahrenabwehr durch das Sicherheits- und Bewachungsgewerbe$eeine rechtsvergleichende Untersuchung zu Deutschland und den USA$fvon Florian Huber 210 $aBerlin$cDuncker und Humblot$dc2000 215 $a364 p.$d24 cm 225 1 $aSchriften zum öffentlichen Recht$x0582-0200$v806 320 $aBibliografia: p. 345-361. Indice 328 $aJena, Univ., Diss., 1998 676 $a344.4305289$v21$zita 700 1$aHuber,$bFlorian$0266832 801 0$aIT$bUNINA$gRICA$2UNIMARC 901 $aBK 912 $a990007383490403321 952 $aCOLLEZIONE 147 (806)$b40549*$eBiblioteca Centrale della Facoltà di Giurisprudenza$fFGBC 959 $aFGBC 996 $aWahrnehmung von Aufgaben im Bereich der Gefahrenabwehr durch das Sicherheits- und Bewachungsgewerbe$9692673 997 $aUNINA